00724nam a2200193Ia 4500003000900000008004100009040001600050080001900066110004500085245012100130260006500251300001500316650002900331650001900360650002900379942000700408999001500415952010000430IN-BaIIA211028s9999 xx 000 0 eng d cIIA Library a083.7:62bASME aAmerican Society of Mechanical Engineers 0aRules for Construction of Pressure Vessels Division 1.cThe American Society of Mechanical Engineers  aNew yorkbThe American Society of Mechanical Engineersc1980 axxm, 610p. aBoilers-Standards913869 aNASA Thesaurus aStandards-Boilers913870 cBK c8268d8268 00104070aBANbBANcGENd1985-05-14l0o083.7:62/ ASMEp9112r2021-11-05w1985-05-14yBKG110